Jak zwiekszyc role plac w ramach dochodów z pracy?
Problematika možností zvyšovania miezd v okruhu pracovných príjmov a pracovných nákladov. Posudzovanie pracovných nákladov z hľadiska pracovníka - príjmy z práce - a z hľadiska podniku - pracovné náklady. Autorka skúma problémy z oboch pohľadov. Pojem ekonomickej a sociálnej zodpovednosti. Sociálna...
Guardado en:
| Autor principal: | |
|---|---|
| Formato: | Capítulo de libro |
| Lenguaje: | polaco |
| Materias: | |
| Etiquetas: |
Sin Etiquetas, Sea el primero en etiquetar este registro!
|
MARC
| LEADER | 00000naa a2200000 4500 | ||
|---|---|---|---|
| 001 | r006948 | ||
| 005 | 20221125122452.0 | ||
| 041 | 0 | |a pol | |
| 044 | |a PL | ||
| 245 | 1 | 0 | |a Jak zwiekszyc role plac w ramach dochodów z pracy? |c B. Mikolajczyk |
| 520 | |a Problematika možností zvyšovania miezd v okruhu pracovných príjmov a pracovných nákladov. Posudzovanie pracovných nákladov z hľadiska pracovníka - príjmy z práce - a z hľadiska podniku - pracovné náklady. Autorka skúma problémy z oboch pohľadov. Pojem ekonomickej a sociálnej zodpovednosti. Sociálna bilancia. | ||
| 610 | 2 | 0 | |a mzdy |
| 610 | 2 | 0 | |a príjmy pracovné |
| 610 | 2 | 0 | |a náklady |
| 100 | 1 | |a Mikolajczyk, B. | |